Tuyển văn tác giả nữ Việt Nam

में बचाया:
ग्रंथसूची विवरण
स्वरूप: पुस्तक
भाषा:Undetermined
प्रकाशित: H. Phụ Nữ 2001
विषय:
टैग : टैग जोड़ें
कोई टैग नहीं, इस रिकॉर्ड को टैग करने वाले पहले व्यक्ति बनें!
Thư viện lưu trữ: Trung tâm Học liệu Trường Đại học Cần Thơ
LEADER 00426nam a2200157Ia 4500
001 CTU_52041
008 210402s9999 xx 000 0 und d
020 |b 72000 
082 |a 895.9223008 
082 |b T527 
245 0 |a Tuyển văn tác giả nữ Việt Nam 
260 |a H. 
260 |b Phụ Nữ 
260 |c 2001 
650 |a vietnamese literature 
980 |a Trung tâm Học liệu Trường Đại học Cần Thơ